Sólo tu desnudez vence la muerte /

Збережено в:
Бібліографічні деталі
Автор: Souza, Jorge (autor)
Формат: Книга
Мова:Іспанська
Опубліковано: Guadalajara, México : La Zonámbula : Gobierno del Estado de Jalisco, Secretaría de Cultura, 2015, c2015
Серія:(Pausa Poética)
Предмети:
Теги: Додати тег
Немає тегів, Будьте першим, хто поставить тег для цього запису!

MARC

LEADER 00000nam^a2200000^a^4500
001 000391058
005 20250521000000.0
009 20260310121205.022
020 |a 978-607-9193-71-3 
037 |a Acervo ITESO - Biblioteca 
041 |a ESP 
082 |a 861.  |b SOU 
100 |a Souza, Jorge  |e (autor) 
245 1 0 |a Sólo tu desnudez vence la muerte /  |c J. Souza. 
264 4 |a Guadalajara, México :  |b La Zonámbula :  |b Gobierno del Estado de Jalisco, Secretaría de Cultura,  |c 2015, c2015 
300 |a 266p. 
336 |a texto  |b txt  |2 rdacontenido 
337 |a sin mediación  |b n  |2 rdamedio 
338 |a volumen  |b nc  |2 rdasoporte 
440 1 |a (Pausa Poética) 
521 |a EEnlace Centro de Promoción Cultural 2016 
649 |a XX 
650 |a Poesía Jalisciense 
650 |a Poesía Mexicana 
650 |a Literatura Jalisciense -  |y Siglo XX 
650 |a Literatura Jalisciense -  |y Siglo XXI 
650 |a Literatura Mexicana -  |y Siglo XX 
650 |a Literatura Mexicana -  |y Siglo XXI 
910 |a Fondo General 
920 |a Impresos - Libros 
930 |a Colección General 
940 |a Literatura 
905 |a 101 
901 |a 0500286242  |b IT1  |c LIT  |i C154546  |u 20250521 
902 |a https://opac.biblio.iteso.mx/vufind/Record/000391058